000 00547cam a2200205ua 4500
001 1840
005 20260515113416.0
008 110811n ii |||gr||||Z||||||eng
020 _a81-203-0302-4
040 _cMAIN
082 _a370.15
100 _aShinner, Charles E.,
_eAuthor.
245 1 _aEducational psychology
_ced. by Charles E. Skinner
250 _a4th.
260 _aNew Delhi:
_bPrentice hall of india pvt. ltd,
_c2002.
300 _ax; 755p:
_bill;
_c23cm.
653 _aEducation
653 _aEducational psychology
942 _cBK
999 _c1722
_d1722